| 000 | 01007cam a2200301 i 4500 | ||
|---|---|---|---|
| 003 | DO-SdBNP | ||
| 005 | 20240221135929.0 | ||
| 007 | ta | ||
| 008 | 240221s1950 sp 000 0 spa | ||
| 040 |
_aDO-SdBNP _bspa _cBNPHU |
||
| 082 |
_bO77t, 1950 _222 |
||
| 100 | 1 |
_aOrtega y Gasset, José, _d1883-1955. _95769 |
|
| 245 | 1 | 3 |
_aEl tema de nuestro tiempo : _bEl ocaso de las revoluciones, El sentido histórico de la teoría de Einstein / _cJosé Ortega y Gasset. |
| 250 | _a7ma edición | ||
| 264 | 1 |
_aEspaña : _bEspasa - Calpe, _c1950. |
|
| 264 | 3 |
_aArgentina : _bTalleres gráficos Américalee, |
|
| 300 |
_a179 páginas, 6 páginas sin numerar _c18 cm. |
||
| 336 |
_2rdacontent _atexto _btxt |
||
| 337 |
_2rdamedia _asin mediación _bn |
||
| 338 |
_2rdacarrier _avolumen _bnc |
||
| 490 | 1 |
_aAustral _v11 |
|
| 590 | _aInventariado, 2024/ YL | ||
| 650 | 4 |
_aFilosofía _935614 |
|
| 650 | 0 |
_aRevoluciones _935615 |
|
| 650 | 0 |
_aRelatividad (física) _935616 |
|
| 910 | _aYLockward | ||
| 942 |
_2ddc _cLBS1 |
||
| 999 |
_c55990 _d55990 |
||